[Event "DVM U12 2013"]
[Site "Lichtenfels-Schney GER"]
[Date "2013.12.27"]
[Round "1"]
[White "Klein, Sebastian"]
[Black "Irkilmez, Yakub"]
[Result "0-1"]
[Termination "normal"]
[Board "7.1"]
[WhiteElo "1331"]
[BlackElo "1542"]
[WhiteTeam "SR Spaichingen"]
[BlackTeam "SK Blauer Springer Paderborn"]
[WhiteFideId "16200845"]
[BlackFideId "16204581"]
[EventCountry "GER"]
[EventRounds "7"]
[EventType "team-swiss"]
[EventDate "2013.12.26"]

1. c4 Nf6 2. Nc3 c6 3. g3 d5 4. cxd5 cxd5 5. Bg2 g6 6. d3 Bg7 7. Bg5 e6 8. Nf3
O-O 9. O-O Nc6 10. Bf4 a6 11. Nd2 Nh5 12. Qa4 e5 13. Bxe5 Nxe5 14. Bxd5 Nf6 15.
Bg2 Bd7 16. Qb3 Rb8 17. Na4 Bc6 18. Bxc6 Nxc6 19. Rac1 Nd4 20. Qd1 Re8 21. e3
Nc6 22. d4 Qe7 23. Nc5 Rec8 24. Qb3 Nd7 25. Nde4 Nxc5 26. Nxc5 Bh6 27. Rc3 Nd8
28. Rfc1 Rc6 29. Nd3 Rxc3 30. Rxc3 Bg7 31. Qd5 Qe6 32. Qa5 Nc6 33. Qc7 Qc8 34.
Qf4 Qe8 35. Rc5 Rc8 36. b3 Bf8 37. Rc4 Ne7 38. Rxc8 Qxc8 39. Ne5 Qf5 40. e4
Qxf4 41. gxf4 f5 42. exf5 Nxf5 43. d5 Nd4 44. Kg2 Bd6 45. Kg3 Kg7 46. Kg4 h5+
47. Kg5 Be7# 0-1

[Event "DVM U12 2013"]
[Site "Lichtenfels-Schney GER"]
[Date "2013.12.27"]
[Round "1"]
[White "Kesselmeier, Kevin"]
[Black "Zetto, Lukas"]
[Result "1-0"]
[Termination "normal"]
[Board "7.2"]
[WhiteElo "1372"]
[BlackElo "1311"]
[WhiteTeam "SK Blauer Springer Paderborn"]
[BlackTeam "SR Spaichingen"]
[WhiteFideId "16217551"]
[BlackFideId "16261747"]
[EventCountry "GER"]
[EventRounds "7"]
[EventType "team-swiss"]
[EventDate "2013.12.26"]

1. c4 c6 2. g3 d5 3. Bg2 Bf5 4. cxd5 cxd5 5. Qb3 Qc7 6. Nc3 e6 7. d3 Nc6 8. Bf4
Qd7 9. Nf3 Rc8 10. O-O g6 11. d4 Bg7 12. Nb5 Bf8 13. Rac1 a6 14. Nc3 Bg7 15.
Rfd1 Nge7 16. Na4 Na5 17. Rxc8+ Nxc8 18. Qc3 Nc6 19. Nc5 Qe7 20. Nxa6 O-O 21.
e3 Nb6 22. Nc5 Ra8 23. a3 Na4 24. Nxa4 Rxa4 25. Bf1 Bg4 26. Bg2 Bxf3 27. Bxf3
g5 28. Be5 Rc4 29. Qb3 f6 30. e4 fxe5 31. exd5 Na5 32. Qb6 Qc7 33. Qxe6+ Kf8
34. d6 Qf7 35. Qxf7+ Kxf7 36. Bd5+ Ke8 37. Bxc4 Nxc4 38. dxe5 Bxe5 39. Re1 Kd7
40. b3 Bc3 41. Rc1 Bb2 42. Rxc4 Bxa3 43. Rc7+ Kxd6 44. Rxb7 1-0

[Event "DVM U12 2013"]
[Site "Lichtenfels-Schney GER"]
[Date "2013.12.27"]
[Round "1"]
[White "Schrägle, Thorsten"]
[Black "Schlangenotto, Niklas"]
[Result "0-1"]
[Termination "normal"]
[Board "7.3"]
[WhiteElo "1271"]
[BlackElo "1417"]
[WhiteTeam "SR Spaichingen"]
[BlackTeam "SK Blauer Springer Paderborn"]
[WhiteFideId "16224248"]
[BlackFideId "16217560"]
[EventCountry "GER"]
[EventRounds "7"]
[EventType "team-swiss"]
[EventDate "2013.12.26"]

1. e4 e6 2. b3 d5 3. exd5 exd5 4. Bb2 f6 5. d3 Bd6 6. Nd2 Ne7 7. Ngf3 Nbc6 8.
c4 Bg4 9. h3 Bh5 10. Qc2 Nb4 11. Qc3 c5 12. g3 dxc4 13. Qc1 Nbc6 14. Qc2 O-O
15. O-O-O a6 16. b4 Bg6 17. Bg2 Rb8 18. Nh4 Bf7 19. Rdf1 b5 20. f4 Qc7 21. Bxc6
Nxc6 22. Ng2 a5 23. f5 Rb7 24. h4 Ne5 {Partieverlauf nicht nachvollziehbar,
nicht leserliche und fehlerhafte Notation} 0-1

[Event "DVM U12 2013"]
[Site "Lichtenfels-Schney GER"]
[Date "2013.12.27"]
[Round "1"]
[White "Wanke, Mathis"]
[Black "Hengstler, Lukas"]
[Result "1-0"]
[Termination "normal"]
[Board "7.4"]
[WhiteElo "1326"]
[BlackElo "1014"]
[WhiteTeam "SK Blauer Springer Paderborn"]
[BlackTeam "SR Spaichingen"]
[WhiteFideId "16217578"]
[BlackFideId "16232763"]
[EventCountry "GER"]
[EventRounds "7"]
[EventType "team-swiss"]
[EventDate "2013.12.26"]

1. d4 Nf6 2. Nf3 d5 3. Bf4 Bf5 4. e3 Nc6 5. c3 e6 6. Bd3 Bg6 7. Qe2 Bd6 8. Bg3
O-O 9. Nbd2 Ne4 10. Bxd6 Qxd6 11. Nh4 Nxd2 12. Qxd2 Bxd3 13. Qxd3 Qe7 14. Nf3
e5 15. dxe5 Nxe5 16. Qxd5 Nc6 17. O-O Rad8 18. Qb5 Rb8 19. Rfd1 Rfd8 20. Rxd8+
Qxd8 21. Qb3 Qd7 22. Rd1 Qe7 23. h3 b6 24. Qc4 Rd8 25. Rxd8+ Qxd8 26. Qxc6 h6
27. Nd4 a5 28. Kf1 f5 29. Qe6+ Kh8 30. Qxf5 c5 31. Nf3 Qg8 32. b3 c4 33. Qb5
cxb3 34. axb3 Qe6 35. Nd4 Qd6 36. Qc6 Qd8 37. Ke2 Qb8 38. Ne6 Qh2 39. Qa8+ Kh7
40. Qe4+ Kg8 41. Qg6 Qe5 42. Qe8+ 1-0

[Event "DVM U12 2013"]
[Site "Lichtenfels-Schney GER"]
[Date "2013.12.27"]
[Round "1"]
[White "Kölz, Niklas"]
[Black "Kühner, Tobias"]
[Result "1-0"]
[Termination "normal"]
[Board "8.1"]
[WhiteElo "1719"]
[BlackElo "1740"]
[WhiteTeam "Märkischer Springer Halver-Schalksmühle"]
[BlackTeam "SK Bickenbach"]
[WhiteFideId "12971758"]
[BlackFideId "12973815"]
[EventCountry "GER"]
[EventRounds "7"]
[EventType "team-swiss"]
[EventDate "2013.12.26"]

1. e4 c5 2. Nf3 d6 3. d4 cxd4 4. Nxd4 Nf6 5. Nc3 a6 6. Bg5 e6 7. f4 Be7 8. Qf3
Qb6 9. Nb3 Nc6 10. O-O-O Qc7 11. Kb1 b5 12. g4 Bb7 13. Bxf6 Bxf6 14. g5 Be7 15.
h4 b4 16. Ne2 a5 17. Nbd4 Kd7 18. Nxc6 Qxc6 19. Ng3 Rhc8 20. Rh2 g6 21. Qg4 h5
22. Qh3 a4 23. e5 a3 24. Rhd2 Ke8 25. exd6 Bxd6 26. Bg2 Qc7 27. b3 { Kein en
passant hier möglich- Nicht weiter rekonstruierbar} 1-0

[Event "DVM U12 2013"]
[Site "Lichtenfels-Schney GER"]
[Date "2013.12.27"]
[Round "1"]
[White "Riemann, Jonas"]
[Black "Browning, Alex"]
[Result "1/2-1/2"]
[Termination "normal"]
[Board "8.2"]
[WhiteElo "1200"]
[BlackElo "1517"]
[WhiteTeam "SK Bickenbach"]
[BlackTeam "Märkischer Springer Halver-Schalksmühle"]
[WhiteFideId "12977462"]
[BlackFideId "12984019"]
[EventCountry "GER"]
[EventRounds "7"]
[EventType "team-swiss"]
[EventDate "2013.12.26"]

1. e4 c5 2. Nf3 d6 3. d4 cxd4 4. Nxd4 Nf6 5. Nc3 a6 6. Bc4 e6 7. Bg5 Be7 8. O-O
O-O 9. Nf3 Qc7 10. Bb3 b5 11. Qe2 Bb7 12. a3 Nbd7 13. Rfe1 Nc5 14. Nd2 Nxb3 15.
Nxb3 Nxe4 16. Nxe4 Bxe4 17. Bxe7 Qxe7 18. Qxe4 Rac8 19. Rac1 Rc4 20. Qd3 f5 21.
Nd2 Rg4 22. h3 Rg6 23. Nf3 Rh6 24. Rcd1 e5 25. Qd5+ Kh8 26. Nxe5 dxe5 27. Rxe5
Qg5 28. Qc5 Qf6 29. Qe3 f4 30. Qe2 f3 31. Qxf3 Qxf3 32. gxf3 Rxh3 33. Rd3 Kg8
34. Kg2 Rh6 35. Rg5 Rhf6 36. Rg3 h6 37. Rd1 Re8 38. Kf1 Rfe6 39. Rg4 Re2 40.
Rc1 Rd2 41. Re4 Rc8 42. Re2 Rd4 43. c3 Rdc4 44. Re4 R4c6 45. Rce1 Kf7 46. Kg2
Kf6 47. Kg3 Rd6 1/2-1/2

[Event "DVM U12 2013"]
[Site "Lichtenfels-Schney GER"]
[Date "2013.12.27"]
[Round "1"]
[White "Bär, Leon David"]
[Black "Browning, Rebecca"]
[Result "0-1"]
[Termination "normal"]
[Board "8.4"]
[WhiteElo "1051"]
[BlackElo "1090"]
[WhiteTeam "SK Bickenbach"]
[BlackTeam "Märkischer Springer Halver-Schalksmühle"]
[WhiteFideId "16200802"]
[BlackFideId "12984027"]
[EventCountry "GER"]
[EventRounds "7"]
[EventType "team-swiss"]
[EventDate "2013.12.26"]

1. e4 e6 2. Nf3 b6 3. d4 Bb7 4. Nbd2 Be7 5. c3 Nf6 6. Bd3 d6 7. Qc2 g6 8. Nb3
Nbd7 9. Bh6 Ng4 10. Bd2 Ngf6 11. O-O-O c5 12. dxc5 dxc5 13. Bb5 a6 14. Bd3 Rc8
15. c4 b5 16. Ba5 Nb6 17. cxb5 Qc7 18. Bxb6 Qxb6 19. bxa6 Bxa6 20. Bxa6 Qxa6
21. e5 Nd5 22. a3 O-O 23. Qd2 c4 24. Na1 c3 25. Qd3 cxb2+ 26. Kxb2 Qb6+ 27. Nb3
Qxf2+ 28. Rd2 Qa7 29. Ra1 Ra8 30. Kb1 Rfc8 31. Rc2 Rcb8 32. Rb2 Bxa3 33. Rba2
Qc5 34. Rc2 Qb4 35. Nfd2 Nf4 36. Qc3 Qe7 37. Qc7 Qh4 38. Rxa3 Nd3 39. Rc3 Qe1+
40. Kc2 Nb4+ 41. Kb2 Nd5 42. Rxa8 Qxd2+ 43. Rc2 Qd4+ 44. Qc3 Qxc3+ 45. Rxc3
Rxa8 46. Rf3 Rb8 47. Kc2 Nb4+ 48. Kd2 Rd8+ 49. Ke3 Rd3+ 50. Kf4 Rxf3+ 51. Kxf3
Kg7 52. g4 Nc6 53. Ke4 f6 54. exf6+ Kxf6 55. Nc5 Ne5 56. Kf4 g5+ 57. Kg3 h6 58.
h3 Ke7 59. Ne4 Kd7 60. Nf6+ Kd6 61. Ng8 Nf7 62. Kf3 Kd5 63. Nf6+ Kd4 64. Ke2 e5
65. Kf3 Kd3 66. Ne4 Nd8 67. Nf2+ Kd4 68. Ne4 Ne6 69. Nd6 Nf4 70. Nf5+ Kd3 71.
Kg3 e4 72. h4 e3 73. Nxe3 Kxe3 74. h5 Ne2+ 75. Kh2 Kf3 76. Kh3 Nf4+ 77. Kh2
Kxg4 78. Kh1 Kxh5 79. Kh2 Kg4 80. Kh1 h5 81. Kh2 h4 82. Kh1 h3 83. Kg1 Kf3 84.
Kh1 g4 85. Kh2 g3+ 86. Kh1 g2+ 87. Kg1 Ne2+ 88. Kh2 g1=Q+ 0-1

[Event "DVM U12 2013"]
[Site "Lichtenfels-Schney GER"]
[Date "2013.12.27"]
[Round "1"]
[White "Bock, Alexander"]
[Black "Dathe, Frederick"]
[Result "0-1"]
[Termination "normal"]
[Board "9.1"]
[WhiteElo "1283"]
[BlackElo "1521"]
[WhiteTeam "SG Blau-Weiß Stadtilm"]
[BlackTeam "Schachunion Berlin"]
[BlackFideId "12963070"]
[EventCountry "GER"]
[EventRounds "7"]
[EventType "team-swiss"]
[EventDate "2013.12.26"]

1. e4 c5 2. Nf3 a6 3. d3 Nc6 4. g3 g6 5. Bg2 Bg7 6. c3 d6 7. O-O Nf6 8. Nbd2
O-O 9. Re1 Bd7 10. Nf1 Rb8 11. Be3 Bg4 12. h3 Bxf3 13. Bxf3 Qd7 14. Bg2 Ne5 15.
Nh2 Qb5 16. d4 cxd4 17. cxd4 Nd3 18. Re2 Nxb2 19. Qc2 Nc4 20. Rb1 Nxe3 21. Rxe3
Qd7 22. Reb3 Rfc8 23. Qb2 b5 24. a4 Rc4 25. Bf1 Rxa4 26. e5 dxe5 27. dxe5 Ne4
28. Rd3 Qe6 29. Ng4 h5 30. Ne3 Bxe5 31. Qc2 Ra2 0-1

[Event "DVM U12 2013"]
[Site "Lichtenfels-Schney GER"]
[Date "2013.12.27"]
[Round "1"]
[White "Hommel, Niclas"]
[Black "Langenhan, Moritz Benedikt"]
[Result "1-0"]
[Termination "normal"]
[Board "9.2"]
[WhiteElo "1572"]
[BlackElo "1260"]
[WhiteTeam "Schachunion Berlin"]
[BlackTeam "SG Blau-Weiß Stadtilm"]
[WhiteFideId "12974927"]
[BlackFideId "12976520"]
[EventCountry "GER"]
[EventRounds "7"]
[EventType "team-swiss"]
[EventDate "2013.12.26"]

1. e4 e5 2. Nf3 Nc6 3. Bb5 a6 4. Ba4 Bc5 5. O-O b5 6. Bb3 Nf6 7. d3 O-O 8. c3
d5 9. exd5 Nxd5 10. Qe2 Re8 11. Qe4 Be6 12. Ng5 f5 13. Nxe6 fxe4 14. Nxd8 Raxd8
15. dxe4 Nce7 16. exd5 Nxd5 17. Kh1 Kh8 18. Bg5 Rd6 19. Nd2 Nf6 20. Rad1 e4 21.
c4 e3 22. fxe3 Bxe3 23. Bxe3 Rxe3 24. Nf3 Rxd1 25. Rxd1 g6 26. Re1 Rd3 27. cxb5
axb5 28. h3 Nh5 29. Re7 c5 30. Re8+ Kg7 31. Rg8+ Kh6 32. Rf8 c4 33. Bc2 Re3 34.
Rf7 Re2 35. g4 Ng3+ 36. Kg1 Ne4 37. Bxe4 Rxe4 38. g5+ Kh5 39. Rxh7# 1-0

[Event "DVM U12 2013"]
[Site "Lichtenfels-Schney GER"]
[Date "2013.12.27"]
[Round "1"]
[White "Mann, Jasmina"]
[Black "Sauer, Jakob"]
[Result "0-1"]
[Termination "normal"]
[Board "9.3"]
[WhiteElo "1149"]
[BlackElo "1357"]
[WhiteTeam "SG Blau-Weiß Stadtilm"]
[BlackTeam "Schachunion Berlin"]
[WhiteFideId "12984434"]
[BlackFideId "16211707"]
[EventCountry "GER"]
[EventRounds "7"]
[EventType "team-swiss"]
[EventDate "2013.12.26"]

1. d4 d5 2. c4 e6 3. e3 a6 4. Nf3 dxc4 5. Bxc4 b5 6. Bd3 Bb7 7. Nbd2 c5 8. dxc5
Qxd3 9. b3 Bxc5 10. Bb2 Bxf3 11. Nxf3 Bb4+ 12. Nd2 Nd7 13. Rc1 Bxd2+ 14. Qxd2
Qxd2+ 15. Kxd2 Ngf6 16. Rhd1 O-O 17. Ke1 Rac8 18. Ba3 Rfd8 19. Rb1 Nd5 20. Rd3
Ne5 21. Rd2 b4 22. Bb2 Nc3 23. Rc1 Rxd2 24. Kxd2 Ne4+ 25. Ke1 Nd3+ 26. Kd1
Nxb2+ 27. Ke2 Rxc1 0-1

[Event "DVM U12 2013"]
[Site "Lichtenfels-Schney GER"]
[Date "2013.12.27"]
[Round "1"]
[White "Kalina, Joshua"]
[Black "Helm, Stephan"]
[Result "1-0"]
[Termination "normal"]
[Board "9.4"]
[WhiteElo "1111"]
[BlackElo "1050"]
[WhiteTeam "Schachunion Berlin"]
[BlackTeam "SG Blau-Weiß Stadtilm"]
[EventCountry "GER"]
[EventRounds "7"]
[EventType "team-swiss"]
[EventDate "2013.12.26"]

1. e4 e5 2. Nf3 Nc6 3. d4 exd4 4. Nxd4 Bc5 5. Be3 Nge7 6. Nxc6 Nxc6 7. Bxc5 d6
8. Be3 O-O 9. Nc3 f5 10. exf5 Rxf5 11. Bd3 Rf6 12. O-O Rf8 13. Qh5 h6 14. Bxh6
Qf6 15. Be3 Bf5 16. Bc4+ Be6 17. Bxe6+ Qxe6 18. Rfe1 Qf7 19. Qh4 Ne5 20. Ne4
Ng6 21. Qh3 Rfe8 22. Ng5 Qf6 23. Rab1 Re5 24. Bd4 Rxe1+ 25. Rxe1 Qxd4 26. Qe6+
Kh8 27. Qxg6 Qd5 28. Qh7# 1-0

[Event "DVM U12 2013"]
[Site "Lichtenfels-Schney GER"]
[Date "2013.12.27"]
[Round "1"]
[White "Weimert, Miriam"]
[Black "Wiemann, Daniel"]
[Result "1/2-1/2"]
[Termination "normal"]
[Board "10.1"]
[WhiteElo "1390"]
[BlackElo "1452"]
[WhiteTeam "SG Turm Leipzig"]
[BlackTeam "SV Seubelsdorf"]
[WhiteFideId "12966703"]
[BlackFideId "12942944"]
[EventCountry "GER"]
[EventRounds "7"]
[EventType "team-swiss"]
[EventDate "2013.12.26"]

1. e4 e5 2. d4 exd4 3. Nf3 c5 4. Bc4 Be7 5. c3 dxc3 6. Nxc3 Nf6 7. O-O O-O 8.
e5 Ne8 9. Qc2 d6 10. Rd1 Bd7 11. Ne4 Bf5 12. Nf6+ Bxf6 13. Qxf5 Be7 14. Bg5 g6
15. Qg4 Bxg5 16. Nxg5 Qe7 17. Re1 dxe5 18. f4 Qd7 19. Qh4 h5 20. Rad1 Qf5 21.
Rxe5 Qf6 22. Rde1 Nd6 23. Bd5 Nc6 24. Bxc6 bxc6 25. Kh1 Nc4 26. Rxc5 Nxb2 27.
Rf1 Rad8 28. Qg3 Rd1 29. Rxd1 Nxd1 30. Rc1 Qd4 31. h3 c5 32. Nf3 Nf2+ 33. Kh2
Qb2 34. Rf1 Ne4 35. Qe1 Nf6 36. Rf2 Qb8 37. Ng5 Re8 38. Qc1 Qc7 39. Qc4 Re7 40.
Rf1 Qd6 41. Rb1 Qd4 42. Qf1 Ne4 43. Nxe4 Rxe4 44. Rb8+ Kg7 45. Qf3 c4 46. Rb4
Rxf4 47. Qg3 Rf5 48. Qe1 Re5 49. Rxc4 Qxc4 50. Qxe5+ Kh7 51. Qb2 1/2-1/2

[Event "DVM U12 2013"]
[Site "Lichtenfels-Schney GER"]
[Date "2013.12.27"]
[Round "1"]
[White "Werner, Sebastian"]
[Black "Lieberwirth, Kasimir"]
[Result "0-1"]
[Termination "normal"]
[Board "10.2"]
[WhiteElo "1164"]
[BlackElo "1457"]
[WhiteTeam "SV Seubelsdorf"]
[BlackTeam "SG Turm Leipzig"]
[BlackFideId "12988146"]
[EventCountry "GER"]
[EventRounds "7"]
[EventType "team-swiss"]
[EventDate "2013.12.26"]

1. e4 c5 2. Nf3 Nc6 3. d4 cxd4 4. Nxd4 e5 5. Nb5 a6 6. Nd6+ Bxd6 7. Qxd6 Qe7 8.
Qxe7+ Ngxe7 9. Bd3 Nb4 10. Bg5 f6 11. Be3 d5 12. O-O Be6 13. Bd2 Nxd3 14. cxd3
Kf7 15. Nc3 Rac8 16. Nxd5 Rc2 17. Bc3 Nxd5 18. exd5 Bxd5 19. Rfe1 Rc8 20. Kf1
b5 21. f3 b4 22. Bxb4 Rxb2 23. a3 Rcc2 24. Re3 Rf2+ 25. Ke1 Rxg2 26. Kd1 Bb3+
27. Kc1 Rgc2+ 28. Kd1 Rxh2+ 29. Kc1 Rbc2+ 30. Kb1 Ba2+ 31. Rxa2 Rxa2 32. Bc3
Rae2 33. Rxe2 Rxe2 34. Kc1 h5 35. Kd1 Rg2 36. Ke1 h4 37. Kf1 h3 38. f4 Rc2 39.
Bxe5 h2 0-1

[Event "DVM U12 2013"]
[Site "Lichtenfels-Schney GER"]
[Date "2013.12.27"]
[Round "1"]
[White "Kreicarek, Tobias"]
[Black "Kolb, Verena"]
[Result "0-1"]
[Termination "normal"]
[Board "10.3"]
[WhiteElo "1337"]
[BlackElo "1286"]
[WhiteTeam "SG Turm Leipzig"]
[BlackTeam "SV Seubelsdorf"]
[WhiteFideId "16255909"]
[BlackFideId "12992313"]
[EventCountry "GER"]
[EventRounds "7"]
[EventType "team-swiss"]
[EventDate "2013.12.26"]

1. e4 e6 2. d4 d5 3. e5 c5 4. c3 Nc6 5. Nf3 Qb6 6. Be2 Bd7 7. O-O Be7 8. Na3 a6
9. Nc2 f6 10. Re1 h5 11. Qd3 f5 12. Bf4 O-O-O 13. h3 Rf8 14. Qd2 Nh6 15. a4 Na5
16. b3 Nxb3 17. Reb1 Nxd2 18. Rxb6 Ne4 19. c4 Nc3 20. Bd3 Kc7 21. a5 Bc6 22.
Ng5 Kd7 23. cxd5 Nxd5 24. Nxe6 Kxe6 25. Bxh6 Rxh6 26. Bc4 Kd7 27. Bxd5 Bxd5 28.
Rxh6 gxh6 29. Ne3 Be4 30. f3 Bd3 31. d5 Bg5 32. Kf2 Re8 33. g3 Bxe3+ 34. Kxe3
Bc4 35. Rc1 Bxd5 36. Rxc5 Rxe5+ 37. Kf2 Kd6 38. Rc8 Bf7 39. Rf8 Ke7 40. Rh8
Rxa5 41. Rxh6 b5 42. g4 hxg4 43. fxg4 fxg4 44. hxg4 b4 45. Rb6 b3 46. Rb7+ Kf8
47. Rb8+ Kg7 48. Ke2 Rb5 49. Rxb5 axb5 50. Kd2 Kg6 51. Kc3 Kg5 52. Kb2 Kxg4 53.
Kb1 Kf3 54. Kb2 Ke3 55. Kc3 b4+ 56. Kb2 Kd2 57. Kb1 Kc3 58. Ka1 b2+ 59. Kb1
Bg6+ 60. Ka2 b1=Q# 0-1

[Event "DVM U12 2013"]
[Site "Lichtenfels-Schney GER"]
[Date "2013.12.27"]
[Round "1"]
[White "Kolb, Tobias"]
[Black "Hummel, Jeremias"]
[Result "1/2-1/2"]
[Termination "normal"]
[Board "10.4"]
[WhiteElo "937"]
[BlackElo "1237"]
[WhiteTeam "SV Seubelsdorf"]
[BlackTeam "SG Turm Leipzig"]
[WhiteFideId "12992321"]
[EventCountry "GER"]
[EventRounds "7"]
[EventType "team-swiss"]
[EventDate "2013.12.26"]

1. e4 c5 2. Nf3 d6 3. Bc4 Nc6 4. d4 cxd4 5. Nxd4 g6 6. Nxc6 bxc6 7. Bf4 Bg7 8.
Nc3 Nf6 9. e5 Nh5 10. Qd2 Nxf4 11. Qxf4 O-O 12. exd6 Bxc3+ 13. bxc3 exd6 14.
O-O d5 15. Bd3 Be6 16. Rfd1 Qb6 17. Rab1 Qa5 18. c4 Qxa2 19. cxd5 cxd5 20. Qe3
a5 21. Ra1 Qb2 22. Rdb1 Qc3 23. Qe1 Qxe1+ 24. Rxe1 a4 25. Ra3 d4 26. Be4 Ra6
27. Rea1 Rb8 28. h3 Bd7 29. Rd1 Rb4 30. c3 dxc3 31. Rxd7 Rxe4 32. Rxc3 a3 33.
Rd1 a2 34. Ra1 Rb4 35. Rcc1 Rb2 36. f3 Rab6 37. Kh2 Rb1 38. Rc8+ Kg7 39. Rxa2
h5 40. Rc7 h4 41. Raa7 Rf6 42. Rab7 Re1 43. Re7 Rd1 44. Re4 g5 45. Rb5 Rg6 46.
f4 gxf4 47. Rxf4 Rd2 48. Rg4 Rxg4 49. hxg4 Kg6 50. Rh5 f6 51. Rxh4 Kg5 52. Kh3
Rd1 53. Rh5+ Kg6 54. Kg3 Rd3+ 55. Kh4 Rd1 56. Kg3 Rd3+ 57. Kf4 Rd4+ 58. Kg3
Rd3+ 1/2-1/2